|
|
|
|
| LEADER |
00000cam a22000007a 4500 |
| 001 |
12126 |
| 003 |
CZ-ZlUTB |
| 005 |
20190825232836.0 |
| 008 |
011001s1996 xr |||||r|||||||||||cze|d |
| 020 |
|
|
|a 8021014482
|
| 040 |
|
|
|a ZLD002
|b cze
|c ZLD002
|d ZLD002
|
| 072 |
|
7 |
|a 368
|x Pojišťovnictví
|2 Konspekt
|9 4
|
| 072 |
|
7 |
|a 37.016
|x Učební osnovy. Vyučovací předměty. Učebnice
|2 Konspekt
|9 22
|
| 080 |
|
|
|a 368
|2 v
|
| 100 |
1 |
|
|a Čejková, Viktória,
|d 1937-
|7 xx0009571
|4 aut
|
| 245 |
1 |
0 |
|a Pojišťovnictví - praktikum
|
| 250 |
|
|
|a 1. vyd.
|
| 260 |
|
|
|a Brno :
|b Ekonomicko-správní fakulta MU,
|c 1996
|
| 300 |
|
|
|a 206 s.
|
| 650 |
0 |
4 |
|a cvičení
|
| 650 |
0 |
4 |
|a Pojišťovnictví
|
| 650 |
0 |
7 |
|a životní prostředí
|7 ph135446
|2 czenas
|
| 655 |
|
7 |
|a vysokoškolská skripta
|7 fd190824
|2 czenas
|
| 700 |
1 |
|
|a Šedová, Jindřiška
|7 mzk2004246547
|4 aut
|
| 700 |
1 |
|
|a Řezáč, František,
|d 1953-
|7 mzk2004222626
|4 aut
|
| 910 |
|
|
|a ZLD002
|
| 952 |
|
|
|0 0
|1 0
|4 0
|6 S368ČEJKOVÁV
|7 0
|8 BOOK
|9 21025
|a UTBZL
|b UTBZL
|c 030
|d 2006-07-29
|i 69610
|l 9
|o S368/ČEJKOVÁ,V.
|p 420010069610
|r 2019-08-25 00:00:00
|v 114.00
|w 2019-08-25
|x 20100831
|y 05
|
| 952 |
|
|
|0 0
|1 0
|4 0
|6 S368ČEJKOVÁV
|7 0
|8 BOOK
|9 21027
|a UTBZL
|b UTBZL
|c 006
|d 2006-07-29
|i 69612
|l 11
|o S368/ČEJKOVÁ,V.
|p 420010069612
|r 2019-08-25 00:00:00
|v 114.00
|w 2019-08-25
|x 20100831
|y 04
|
| 952 |
|
|
|0 0
|1 0
|4 0
|6 S368ČEJKOVÁV
|7 0
|8 BOOK
|9 21028
|a UTBZL
|b UTBZL
|c 030
|d 2006-07-29
|i 69609
|l 4
|o S368/ČEJKOVÁ,V.
|p 420010069609
|r 2019-08-25 00:00:00
|v 114.00
|w 2019-08-25
|x 20100831
|y 05
|
| 992 |
|
|
|a BK
|b SK
|d 36
|
| 999 |
|
|
|c 12126
|d 12126
|